Was It Ever a Real Place? Quiz Stats

 Plays Quiz Updated Sep 29, 2016

Challenge
Share
Tweet
Embed
Score 0/40 Timer 07:00
1 Play Today
% Correct
Prussia
89.8%
Transylvania
88.6%
Rhodesia
87.3%
Isle of Rhodes
87%
Timbuktu
86.1%
Isle of Sardinia
86%
Isle of Wight
84.7%
Isle of Lesbos
84.4%
Bohemia
84.3%
Atlas Mountains
84.2%
Abyssinia
78.4%
Hindu Kush Mountains
76.1%
Dalmatia
74%
Nubia
72.4%
Isle of Formosa
71.7%
Galicia
71.5%
Ur
71.4%
Samaria
70.2%
Tanganyika
65.3%
Pomerania
63.8%
% Correct
Isle of Milos
63.7%
Caucasian Albania
62.4%
Galatia
62.3%
Wallachia
62%
Scythia
60.5%
Caucasian Iberia
60.4%
Cappadocia
59%
Illyria
55.5%
Dagestan
54.6%
Nyasaland
54.5%
Mercia
52.1%
Kyzylkum Desert
52.1%
Lydia
48.6%
Bactria
44.3%
Finnmark
41.7%
Xanadu
41.6%
Anti-Lebanon Mountains
40.7%
Harappa
36.1%
Ciskei
28.4%
Travancore
20.5%

You're not logged in!

Compare scores with friends on all Sporcle quizzes.
Join for Free
OR
Log In

You Might Also Like...

Show Comments

Extras

Top Quizzes Today


Score Distribution

Your Account Isn't Verified!

In order to create a playlist on Sporcle, you need to verify the email address you used during registration. Go to your Sporcle Settings to finish the process.

Report this User

Report this user for behavior that violates our Community Guidelines.

Details: